Responses for Show #8386 - Monday, April 26, 2021

Champion's winnings & consolation amounts matched to Justice Defenders.

Contestants

[<< previous game]

Nick Arciero, a writer's assistant originally from Mounds View, Minnesota

Lyrka Lawler, a digital media specialist from Big Rock, Illinois

Kelly Donohue, a bank examiner from Winthrop, Massachusetts (whose 2-day cash winnings total $48,000)

[next game >>]

Jeopardy! Round responses

OFFICIAL STATE SONGS
AT THE MOVIES
BUSINESS ACRONYMS & ABBREV.
18th CENTURY STUFF
FANTASTIC BEASTS
STARTS WITH 3 CONSONANTS
    $200 11
Vermont

Kelly
    $200 10
Jack Nicholson

Kelly
    $200 17
end of day

Nick
    $200 16
(Lyrka: What is "Messiah"?)
(Kelly: What is "Hallelujah"?)

"Water Music"

KellyLyrka
Triple Stumper
    $200 1
Wisconsin

Kelly
    $200 26
split

Kelly
    $400 12
Colorado

Kelly
    $400 7
"I am Groot"

Lyrka
    $400 20
research & development

Nick
    $400 18
Martha Washington

Kelly
    $400 2
hippopotamus

Kelly
    $400 27
the Thriller

Lyrka
    $600 13
Tennessee

Kelly
    $600 5
Animal House

Kelly
    $600 23
gross income

Kelly
    $600 19
Kamehameha

Lyrka
    $600 3
a unicorn

Lyrka
    $600 28
spruce

Triple Stumper
    $800 14
Connecticut

Triple Stumper
    $800 8
Uma Thurman

Nick
    $800 24
(Kelly: What are quotes?)

quotations

KellyLyrka
    $1,600 21
(Nick: What is being copycats?)

stealing his thunder

Nick
    $800 4
a dragon

Nick
    $800 29
scripture

Kelly
    $1000 15
Florida

Kelly
    $1000 9
1917

Kelly
    $1000 25
threats

Kelly
    $1000 22
the Terror

Kelly
    $1000 6
a monkey

Nick
    $1000 30
(Nick: What is stagnant?)

phlegmatic

Nick
Triple Stumper

Scores at the first commercial break (after clue 15):

Kelly Lyrka Nick
$4,600 $1,000 $2,600

Scores at the end of the Jeopardy! Round:

Kelly Lyrka Nick
$7,600 $2,600 $600

Double Jeopardy! Round responses

FEMALE AUTHORS & SOME MALE ONES, TOO
Q, NO U
STRINGED INSTRUMENTS
THE CABINET
HARD SCIENCE
RADIO ON THE TV
    $400 3
1984

Lyrka
    $400 6
Qantas

Nick
    $400 26
a viola

Kelly
    $400 9
Homeland Security

Lyrka
    $400 19
a diamond

Nick
    $400 14
Frasier (Crane)

Lyrka
    $800 2
Prozac

Lyrka
    $800 22
Qatar

Lyrka
    $800 27
Gypsies (the Roma)

Kelly
    $800 10
Education

Nick
    $800 7
water

Kelly
    $800 13
Robin Quivers

Kelly
    $1200 1
a police officer

Lyrka
    $1200 23
Q.E.D.

Kelly
    $1200 28
a sitar

Lyrka
    $1,800 11
(Nick: I don't have it.)

War (then became the Department of Defense)

Nick
    $3,000 8
graphite

Kelly
    $1200 12
WKRP in Cincinnati

Lyrka
    $1600 4
Maya Angelou

Triple Stumper
    $1600 24
Qi

Lyrka
    $1600 29
a balalaika

Lyrka
    $1600 20
Transportation

Kelly
    $1600 17
ceramics

Lyrka
    $1600 15
(Maura) Tierney

Kelly
    $2000 5
Colette

Triple Stumper
    $2000 25
Qom

Triple Stumper
    $2000 30
(Nick: What is a lyre?)

a lute

LyrkaNick
    $2000 21
(George C.) Marshall

Kelly
    $2000 18
Mohs

Nick
    $2000 16
Hank Azaria

Nick

Scores at the end of the Double Jeopardy! Round:

Kelly Lyrka Nick
$19,800 $15,800 $2,400

[wagering suggestions for these scores]

Final Jeopardy! Round responses

CITY ORIGIN STORIES
(Anderson: [To Nick] That's close, not quite right.)
...
(Anderson: [To Lyrka] [*] is what the city is known as now. Byzantium is what it used to be; we're looking for what the city is known as now.)
NickWhat is Byzantium
$2,400
LyrkaWhat is Istanbul?
$7,000
KellyWhat is Istanbul?
$11,801
Istanbul

Final scores:

Kelly Lyrka Nick
$31,601 $22,800 $0
3-day champion: $79,601 2nd place: $2,000 3rd place: $1,000

Game dynamics:

Coryat scores:

Kelly Lyrka Nick
$18,000 $15,800 $5,800
24 R
(including 1 DD),
2 W
17 R,
1 W
10 R,
4 W
(including 2 DDs)

Combined Coryat: $39,600

[game clues] [game scores] [suggest correction]

Game tape date: 2021-02-24
The J! Archive is created by fans, for fans. Scraping, republication, monetization, and malicious use prohibited; this site may use cookies and collect identifying information. See terms. The Jeopardy! game show and all elements thereof, including but not limited to copyright and trademark thereto, are the property of Jeopardy Productions, Inc. and are protected under law. This website is not affiliated with, sponsored by, or operated by Jeopardy Productions, Inc. Join the discussion at JBoard.tv.